Editor konfiguračných súborov modulárneho systému

Saved in:
Bibliographic Details
Main Author: Shalenyk, Yurii (Author)
Other Authors: Švec, Peter (Thesis advisor)
Format: Manuscript Book
Language:Slovak
Published: Bratislava : STU v Bratislave FEI, 2022
Subjects:
Online Access:https://opac.crzp.sk/?fn=detailBiblioFormChildELQG3&sid=85CE14C1EED0152B7833DB9735B2&seo=CRZP-detail-kniha
Tags: Add Tag
No Tags, Be the first to tag this record!

MARC

LEADER 00000ntm a22000003a 4500
001 stuzp88789
003 SK-STU
005 20230330115017.6
007 ta
008 150427s2015----xo-----f-mn---000-0-slo-d
040 |a STU  |b slo 
041 0 |a slo 
044 |a xo 
100 1 |a Shalenyk, Yurii  |u 035000  |4 aut  |U FEI Fakulta elektrotechniky a informatiky  |T FEI Ústav informatiky a matematiky  |X 104579  |U E050  |Y 816  |7 104579 
242 0 1 |a Modular system configuration file editor  |y eng 
245 1 0 |a Editor konfiguračných súborov modulárneho systému 
260 |a Bratislava :  |b STU v Bratislave FEI,  |c 2022 
300 |a 55 s. 
650 4 |a C++  |2 slo 
650 4 |a Qt  |2 slo 
650 4 |a Editor  |2 slo 
650 4 |a C++  |2 eng 
650 4 |a Qt  |2 eng 
650 4 |a Editor  |2 eng 
700 1 |a Švec, Peter  |u 035000  |k Z3  |4 ths  |U FEI Fakulta elektrotechniky a informatiky  |T FEI Ústav informatiky a matematiky  |X 8381  |U E050  |Y 816  |7 8381 
856 4 |u https://opac.crzp.sk/?fn=detailBiblioFormChildELQG3&sid=85CE14C1EED0152B7833DB9735B2&seo=CRZP-detail-kniha